书目信息 |
| 题名: |
农村有线广播基本知识
|
|
| 作者: | ;南宁市广播站 , 南宁市第二中学 编 | |
| 分册: | ||
| 出版信息: | 北京 人民邮电出版社 1977 |
|
| 页数: | 98页 | |
| 开本: | 19cm | |
| 丛书名: | ||
| 单 册: | ||
| 中图分类: | TN933 | |
| 科图分类: | ||
| 主题词: | 有线电广播系统 | |
| 电子资源: | ||
| ISBN: | ||
| 000 | 00752nam0 2200229 45 | |
| 001 | 0177002975 | |
| 005 | 20060601162009.28 | |
| 010 | @dCNY0.24 | |
| 100 | @a19951014d1977 em y0chiy0121 ea | |
| 101 | 0 | @achi |
| 102 | @aCN@b110000 | |
| 105 | @ay z 000yy | |
| 200 | 10 | @a农村有线广播基本知识@Anong cun you xian guang bo ji ben zhi shi@f南宁市第二中学,南宁市广播站编@Fnan ning shi di er zhong xue,nan ning shi guang bo zhan bian |
| 210 | @a北京@c人民邮电出版社@d1977 | |
| 215 | @a98页@d19cm | |
| 606 | @a有线电广播系统 | |
| 690 | @aTN933@v3 | |
| 711 | 02 | @a南宁市广播站@Anan ning shi guang bo zhan@4编 |
| 711 | 02 | @a南宁市第二中学@Anan ning shi di er zhong xue@4编 |
| 801 | 2 | @aCN@bNLC@c20060601 |
| 801 | 0 | @aCN@bTSSF |
| 905 | @a10447@dTN933@e17 | |
| 农村有线广播基本知识/南宁市第二中学,南宁市广播站编.-北京:人民邮电出版社,1977 |
| 98页;19cm |
| ISBN :CNY0.24 |
| ● |
| 相关链接 |
|
|
|
|
正题名:农村有线广播基本知识
索取号:TN933/17
 
预约/预借
| 序号 | 登录号 | 条形码 | 馆藏地/架位号 | 状态 | 备注 |
| 1 | 0420195 | 204201951 | 密集书库/ [索取号:TN933/17] | 在馆 |